CAFTA NAFTA: hacia la consolidación de una única zona de libre comercio /

Guardado en:
Bibliografiske detaljer
Hovedforfatter: González, Anabel
Format: Texto
Fag:
Tags: Tilføj Tag
Ingen Tags, Vær først til at tagge denne postø!

MARC

LEADER 00000 a a2200000 04500
001 13091
003
040
100 |a González, Anabel  
245 |a CAFTA NAFTA:   |b hacia la consolidación de una única zona de libre comercio /  |c Anabel González 
650 |a TLC  
650 |a ESTADOS UNIDOS  
650 |a AMERICA LATINA  
650 |a EXPORTACIONES  
773 |g volumen 6, número 3; páginas 9-11  
999 |c 36708  |d 36708